000
00364nam a2200121Ia 4500
020
_a
9781859844663
100
_a
Archon Fung|Erick Olin Wright
245
0
_a
Deepening Democracy : Institutional Innovations in Empowered Participating Governance
264
_b
Verso
_c
2003
300
_a
312
942
_c
IR
999
_c
120685
_d
120685